000 00898cam a22002535a 4500
001 E149155
008 100120s2009 xxk f 000 0 eng d
020 _a9780860176763
035 _a(Sirsi) u149155
041 0 _aeng
050 0 4 _a693.1 $2 18
100 1 _aO'Reilly, Myles
245 0 0 _aDrystone retaining walls and their modifications
_bcondition appraisal and remedial treatment
260 _aLondon
_bCIRIA
_c2009
300 _a146p.
_bill.
_c30cm.
490 0 _aCIRIA
_vC676
520 _aLooks at ways of repairing and extending the life of drystone retaining walls, which were used extensively on the transport network until about 90 years ago, and which have been modified at various times over the years.
521 _aAdvanced
590 _aKA
651 4 _aUnited Kingdom
_y
690 _aBUILT ENVIRONMENT-BUILDING MATERIALS-STONE
700 1 _aPerry, John
942 _n0
999 _c110390
_d110390